Statistics for "O" Antonyms

Click here to take the quiz!

General Stats

  • This quiz has been taken 78 times
  • The average score is 15 of 20

Answer Stats

WordO Antonym% Correct
YoungOld
100%
OnOff
97%
InOut
97%
UnderOver
97%
EvenOdd
96%
CloseOpen
91%
YoursOurs
91%
AlphaOmega
88%
SquareOrb / Oval
85%
SkinnyObese
84%
RarelyOften
82%
WrittenOral
74%
RentOwn
69%
DefyObey
68%
IntroOutro
60%
CovertOvert
51%
IncludeOmit
44%
RequestOrder
44%
WaterOil
37%
PoliceOutlaw
22%

Score Distribution

Percentile by Number Answered

Percent of People with Each Score

Your Score History

You have not taken this quiz